Music Quiz

Random Music Quiz

UK Top 40 Singles of 1987 Quiz Stats

 Plays Quiz not verified by Sporcle

Also try: 101 Song 'B' Words
Challenge
Share
Tweet
Embed
Score 0/40 Timer 08:00
0 Plays Today
Position Single % Correct
1.Never Gonna Give You Up
89.9%
18.La Bamba
83.2%
7.Stand By Me
82.6%
2.Nothing's Gonna Stop Us Now
73.2%
5.China In Your Hand
72.5%
10.Pump Up The Volume
71.1%
11.I Knew You Were Waiting (For Me)
71.1%
6.Respectable
70.5%
15.I Got My Mind Set On You
69.8%
25.Always
69.8%
23.When a Man Loves a Woman
67.8%
29.Faith
67.8%
34.Alone
67.8%
3.I Wanna Dance With Somebody (Who Loves Me)
65.8%
4.You Win Again
60.4%
9.Star Trekkin'
59.7%
14.Always On My Mind
59.7%
12.Under The Boardwalk
57.7%
8.It's a Sin
57%
17.La Isla Bonita
53.7%
Position Single % Correct
21.Everything I Own
53.7%
36.Call Me
51.7%
38.Jack Your Body
51.7%
30.I Just Can't Stop Loving You
51%
31.Live It Up
47%
13.Let It Be
45%
20.Who's That Girl
43%
35.Wipe Out
43%
22.Down To Earth
41.6%
33.Crockett's Theme
41.6%
39.The Great Pretender
41.6%
27.Toy Boy
38.3%
40.Male Stripper
35.6%
24.Heartache
33.6%
19.Hold Me Now
32.9%
32.Love In The First Degree
32.9%
28.I Get The Sweetest Feeling
28.2%
26.Whenever You Need Somebody
25.5%
37.Let's Wait Awhile
24.2%
16.Can't Be With You Tonight
15.4%

You're not logged in!

Compare scores with friends on all Sporcle quizzes.
Join for Free
OR
Log In

You Might Also Like...

Show Comments

Extras

Top Quizzes Today


Score Distribution

Your Account Isn't Verified!

In order to create a playlist on Sporcle, you need to verify the email address you used during registration. Go to your Sporcle Settings to finish the process.

Report this User

Report this user for behavior that violates our Community Guidelines.

Details: